[Event "Titled Tuesday intern op 27th Jun Late"]
[Site "Chess.com INT"]
[Date "2023.06.27"]
[Round "4"]
[White "Ward, Ieuan C"]
[Black "Allam, Yara"]
[Result "1/2-1/2"]
[WhiteElo "2028"]
[BlackElo "1858"]
[PlyCount "96"]
[EventDate "2023.06.27"]
[EventType "swiss (blitz)"]
[EventRounds "11"]
[EventCountry "USA"]
[SourceTitle "EXT 2024"]
[Source "ChessBase"]
[SourceDate "2023.10.10"]
[SourceVersion "1"]
[SourceVersionDate "2023.10.10"]
[SourceQuality "1"]

1. e4 c5 2. Nf3 e6 3. d4 cxd4 4. c3 Nf6 5. e5 Nd5 6. cxd4 d6 7. Nc3 Nc6 8. Bb5 Bd7 9. 0-0 dxe5 10. Bxc6 Bxc6 11. Nxe5 Qc7 12. Nxc6 Qxc6 13. Nxd5 Qxd5 14. Qa4+ Qd7 15. Qxd7+ Kxd7 16. Bf4 Bd6 17. Bg5 Rhc8 18. Rac1 Rc7 19. Rxc7+ Bxc7 20. g3 Bb6 21. Rd1 Rc8 22. d5 Rc2 23. dxe6+ Kxe6 24. Rd2 Rxd2 25. Bxd2 Kd5 26. Kf1 g6 27. Ke2 Ke4 28. f3+ Kf5 29. Kd3 h5 30. b4 Bg1 31. h3 Bh2 32. g4+ hxg4 33. fxg4+ Ke5 34. Be3 a6 35. h4 Bf4 36. h5 gxh5 37. gxh5 Bxe3 38. Kxe3 Kf5 39. Kd4 Kg5 40. Ke5 Kxh5 41. Kf6 Kg4 42. Kxf7 Kf4 43. Ke6 Ke4 44. Kd6 Kd4 45. Kc7 Kc4 46. a3 Kb3 47. Kxb7 Kxa3 48. Kxa6 Kxb4 1/2-1/2